000
00216nam a22001097a 4500
082
_a
894.812
_b
NAM/V
100
_a
NAMBOOTHIRI , SDP
245
_a
VEDIVATTAM
250
_a
FIRST
650
_a
STORY
_z
KERALA
942
_c
BK
999
_c
1638
_d
1638